000 01765cam a2200469Ia 4500
001 100994
005 20230410143128.0
008 091202s2009 sp a bs 001 0 spa d
035 _a(OCoLC)ocn638814614
040 _aESUDE
_bspa
_cESUDE
_dU@S
017 _aD. L. C. 3299-2009
020 _a9788497454278
020 _a8497454278
035 _a(OCoLC)638814614
041 1 _aspa
_heng
080 _a330.34:314
080 _a314:330.34
049 _aGRAL
050 1 4 _abE79 2009
130 0 _aOECD factbook 2009.
_lSpanish
245 1 0 _aLibro de datos de la OCDE [2009 :
_bestadísticas económicas, medioambientales y sociales].
246 3 4 _aOCDE Factbook 2009 :
_bestadísticas económicas, medioambientales y sociales
260 _aLa Coruña, Spain :
_bNetbiblo,
_cc2009.
300 _a316 p. :
_bil. ;
_c24 cm.
500 _aTraducción de: OECD factbook 2009 : economic, environmental and social statistics.
504 _aIncluye referencias bibliográficas e índice.
650 0 _aEconomic history
_y1990-
_vStatistics.
650 0 _aEconomic indicators
_zOECD countries.
650 0 _aEnvironmental indicators
_zOECD countries.
650 0 _aSocial indicators
_zOECD countries.
651 0 _aOECD countries
_xEconomic conditions
_vStatistics.
651 0 _aOECD countries
_xEnvironmental conditions
_vStatistics.
651 0 _aOECD countries
_xSocial conditions
_vStatistics.
650 0 4 _aDesarrollo económico
_xEstadísticas
_vAnuarios.
650 0 4 _aEconomía
_xEstadísticas
_vAnuarios.
650 1 4 _aEducación
_xEstatísticas
_vAnuarios.
650 1 4 _aSociología
_xEstatâisticas
_vAnuarios.
710 2 _aOrganisation for Economic Co-operation and Development.
942 _2lcc
_cbk
946 _aINF
994 _aC0
_bDRFGD
999 _c96248
_d96248